000 00468nam a22001817a 4500
003 CEME
005 20210628204203.0
008 210121b xxu||||| |||| 00| 0 eng d
020 _a81-7649-031-8
040 _cceme
082 _a629.8 CHE
100 _aChesmond , C. J
_969187
245 _aBasic control system technology
260 _aNEW DELHI
_bTATA MCGRAW HILL
_c1998
300 _aV, 362 P
650 _aCONTROL SYSTEM TECHNOLOGY
_969188
942 _cBK
_2ddc
999 _c576564
_d576564